[Event "19. Open de Sants Hostafrancs 2017"]
[Site "Barcelona ESP"]
[Date "2017.08.18"]
[Round "1.50"]
[White "Suarez Uriel, Adrian"]
[Black "Ballista, Massimiliano"]
[Result "1/2-1/2"]
[WhiteElo "2406"]
[BlackElo "2040"]
[PlyCount "113"]
[EventDate "2017.08.18"]
[EventType "swiss"]
[EventRounds "10"]
[EventCountry "ESP"]
[SourceTitle "Ajedrez en Madrid"]
[Source "lmi"]
[SourceDate "2017.08.18"]

1. e4 e5 2. Nf3 Nc6 3. Bb5 a6 4. Ba4 Nf6 5. O-O Be7 6. d3 b5 7. Bb3 d6 8. a3
Be6 9. Bxe6 fxe6 10. c3 O-O 11. a4 d5 12. axb5 axb5 13. Rxa8 Qxa8 14. Re1 Bd6
15. Nbd2 Qa4 16. Qe2 b4 17. d4 bxc3 18. bxc3 exd4 19. e5 dxc3 20. exd6 cxd2 21.
Qxe6+ Kh8 22. Bxd2 cxd6 23. Ng5 Qa7 24. Qxd6 Qxf2+ 25. Kxf2 Ne4+ 26. Kg1 Nxd6
27. Re6 Nd4 28. Re1 h6 29. Bb4 Nc2 30. Bxd6 Nxe1 31. Bxf8 hxg5 32. Be7 Nd3 33.
Bxg5 Kh7 34. Be3 Kg6 35. Bd4 Nf4 36. Kf2 Ne6 37. Bb2 d4 38. Kf3 Kf5 39. g4+ Kg5
40. Kg3 g6 41. h4+ Kf6 42. Kf3 Ke5 43. Bc1 Nc5 44. Bf4+ Ke6 45. Bg3 Kd5 46. Bf4
Ke6 47. Bc1 Ke5 48. Ba3 Ne4 49. Bf8 d3 50. Bg7+ Kd5 51. Ke3 d2 52. Ke2 d1=Q+
53. Kxd1 Nf2+ 54. Ke2 Nxg4 55. Kf3 Ne5+ 56. Kf4 Nf7 57. Bb2 1/2-1/2

[Event "19. Open de Sants Hostafrancs 2017"]
[Site "Barcelona ESP"]
[Date "2017.08.18"]
[Round "1.51"]
[White "Rovira Vila, Jaume"]
[Black "Garriga Cazorla, Pere"]
[Result "0-1"]
[WhiteElo "2038"]
[BlackElo "2405"]
[PlyCount "104"]
[EventDate "2017.08.18"]
[EventType "swiss"]
[EventRounds "10"]
[EventCountry "ESP"]
[SourceTitle "Ajedrez en Madrid"]
[Source "lmi"]
[SourceDate "2017.08.18"]

1. e4 e5 2. Nc3 Nf6 3. Nf3 Nc6 4. d4 exd4 5. Nxd4 Bb4 6. Nxc6 bxc6 7. Bd3 O-O
8. O-O d5 9. exd5 cxd5 10. Bg5 c6 11. Qf3 Bd6 12. h3 h6 13. Bxf6 Qxf6 14. Qxf6
gxf6 15. Na4 Rb8 16. b3 Be6 17. Rab1 Rfd8 18. Nb2 Be5 19. Nd1 a5 20. Ne3 Kf8
21. Nf5 h5 22. f4 Bc7 23. Ng3 h4 24. Nf5 Bxf5 25. Bxf5 Rb4 26. Bd3 Rxf4 27.
Rxf4 Bxf4 28. Re1 Be5 29. a4 Ke7 30. Kf1 Kd6 31. Ke2 Rg8 32. Kf1 Kc5 33. Re2
Kb4 34. Ke1 Kc3 35. Kd1 Rg3 36. Rf2 Rg8 37. Bf1 Kb4 38. Rf5 Rh8 39. Be2 c5 40.
Rh5 Re8 41. Rxh4+ Kc3 42. Rh7 Re7 43. Rh8 c4 44. Rc8 Bc7 45. bxc4 dxc4 46. Rg8
f5 47. Rg5 Rd7+ 48. Ke1 Rd4 49. Rxf5 Bg3+ 50. Kf1 Kxc2 51. Rxa5 c3 52. Rg5 Kd2
0-1

[Event "19. Open de Sants Hostafrancs 2017"]
[Site "Barcelona ESP"]
[Date "2017.08.18"]
[Round "1.52"]
[White "Gual Pascual, Antonio"]
[Black "Margarido, Jose Miguel Teixeir"]
[Result "0-1"]
[WhiteElo "2404"]
[BlackElo "2037"]
[PlyCount "54"]
[EventDate "2017.08.18"]
[EventType "swiss"]
[EventRounds "10"]
[EventCountry "ESP"]
[SourceTitle "Ajedrez en Madrid"]
[Source "lmi"]
[SourceDate "2017.08.18"]

1. d4 Nf6 2. c4 e6 3. Nc3 Bb4 4. e3 d5 5. Bd3 e5 6. a3 Bxc3+ 7. bxc3 e4 8. Bb1
c6 9. Ne2 O-O 10. O-O b6 11. cxd5 cxd5 12. Ng3 Ba6 13. Re1 Nc6 14. f3 Re8 15.
Ra2 Na5 16. Rf2 Rc8 17. fxe4 dxe4 18. Bb2 Nc4 19. Ba1 Nxa3 20. Ra2 Nxb1 21.
Rxa6 Nxc3 22. Bxc3 Rxc3 23. Rxa7 g6 24. Qb1 h5 25. Qb2 Nd5 26. Qb5 Nxe3 27. Ne2
Rd3 0-1

[Event "19. Open de Sants Hostafrancs 2017"]
[Site "Barcelona ESP"]
[Date "2017.08.18"]
[Round "1.54"]
[White "Sukandar, Irine Kharisma"]
[Black "Harshini, A."]
[Result "0-1"]
[WhiteElo "2400"]
[BlackElo "2031"]
[PlyCount "28"]
[EventDate "2017.08.18"]
[EventType "swiss"]
[EventRounds "10"]
[EventCountry "ESP"]
[SourceTitle "Ajedrez en Madrid"]
[Source "lmi"]
[SourceDate "2017.08.18"]

1. d4 Nf6 2. Bf4 d5 3. Nc3 e6 4. e3 c5 5. Nb5 Na6 6. a4 Be7 7. c3 O-O 8. dxc5
Bxc5 9. b4 Nxb4 10. cxb4 Bxb4+ 11. Ke2 Ne4 12. f3 a6 13. fxe4 axb5 14. Kf2 e5
0-1

[Event "19. Open de Sants Hostafrancs 2017"]
[Site "Barcelona ESP"]
[Date "2017.08.18"]
[Round "1.55"]
[White "Jul Perez, Alberto"]
[Black "Perez Mitjans, Orelvis"]
[Result "1/2-1/2"]
[WhiteElo "2030"]
[BlackElo "2399"]
[PlyCount "67"]
[EventDate "2017.08.18"]
[EventType "swiss"]
[EventRounds "10"]
[EventCountry "ESP"]
[SourceTitle "Ajedrez en Madrid"]
[Source "lmi"]
[SourceDate "2017.08.18"]

1. e4 c5 2. Nf3 e6 3. d4 cxd4 4. Nxd4 a6 5. Be3 Nf6 6. Nc3 Qc7 7. a3 Nc6 8. Bd3
Ne5 9. h3 b5 10. f4 Nxd3+ 11. cxd3 Bb7 12. Rc1 Qd8 13. O-O d6 14. Ndxb5 axb5
15. Nxb5 Be7 16. Nc7+ Kf8 17. Bb6 Qb8 18. Nxa8 Bxa8 19. Be3 g6 20. f5 Kg7 21.
fxe6 fxe6 22. b4 d5 23. Qa4 Rd8 24. Qa6 Re8 25. Bf4 e5 26. Bg5 Nh5 27. Bxe7
Rxe7 28. Rc8 Qa7+ 29. Qxa7 Rxa7 30. Rff8 Bb7 31. Rg8+ Kf7 32. Rgf8+ Ke7 33.
Rfe8+ Kd7 34. Red8+ 1/2-1/2

[Event "19. Open de Sants Hostafrancs 2017"]
[Site "Barcelona ESP"]
[Date "2017.08.18"]
[Round "1.57"]
[White "Castrillon Otero, Javier"]
[Black "Souleidis, Georgios"]
[Result "0-1"]
[WhiteElo "2021"]
[BlackElo "2397"]
[PlyCount "80"]
[EventDate "2017.08.18"]
[EventType "swiss"]
[EventRounds "10"]
[EventCountry "ESP"]
[SourceTitle "Ajedrez en Madrid"]
[Source "lmi"]
[SourceDate "2017.08.18"]

1. d4 Nf6 2. c4 g6 3. Nc3 Bg7 4. e4 d6 5. h3 O-O 6. Nf3 e5 7. d5 Nh5 8. g3 Na6
9. Be2 f5 10. exf5 gxf5 11. Bg5 Nf6 12. Nh4 Qe8 13. a3 Nc5 14. Qc2 a5 15. O-O-O
a4 16. Kb1 Bd7 17. Rdg1 Nfe4 18. Nxe4 fxe4 19. Be3 Qe7 20. Bxc5 dxc5 21. Bg4 b5
22. cxb5 Rab8 23. Qxe4 Rxb5 24. f4 Rxb2+ 25. Kc1 Rfb8 26. Rg2 Rxg2 27. Nxg2 c4
28. Kd1 Qxa3 29. Ne3 Qa1+ 30. Ke2 Rb2+ 31. Nc2 Rxc2+ 32. Qxc2 Bxg4+ 33. hxg4
Qxh1 34. Qxc4 Qg2+ 35. Kd1 Qf3+ 36. Kc1 Qe3+ 37. Kc2 Qb3+ 38. Qxb3 axb3+ 39.
Kxb3 exf4 40. gxf4 Bf8 0-1

[Event "19. Open de Sants Hostafrancs 2017"]
[Site "Barcelona ESP"]
[Date "2017.08.18"]
[Round "1.58"]
[White "Oblitas, Carlomagno"]
[Black "Lopez Baena, David"]
[Result "1-0"]
[WhiteElo "2397"]
[BlackElo "2021"]
[PlyCount "97"]
[EventDate "2017.08.18"]
[EventType "swiss"]
[EventRounds "10"]
[EventCountry "ESP"]
[SourceTitle "Ajedrez en Madrid"]
[Source "lmi"]
[SourceDate "2017.08.18"]

1. e4 d6 2. d4 Nf6 3. Nc3 e5 4. Nf3 Nbd7 5. Bc4 Be7 6. Qe2 O-O 7. O-O c6 8. a4
a5 9. Rd1 Qc7 10. h3 exd4 11. Nxd4 Nc5 12. Bf4 Re8 13. Nb3 Nxb3 14. Bxb3 Bf8
15. Qd3 Be6 16. Ra3 Rad8 17. Bxe6 fxe6 18. Rb3 Qf7 19. Bg5 e5 20. Qf3 Rd7 21.
Bxf6 Qxf6 22. Qxf6 gxf6 23. Ne2 Kf7 24. Ng3 Red8 25. c4 Ke6 26. Nf5 d5 27.
cxd5+ cxd5 28. Rb6+ Kf7 29. Rxd5 Rxd5 30. exd5 Rxd5 31. Rxb7+ Ke6 32. g4 Rd1+
33. Kg2 Bc5 34. Rb5 Bb4 35. Rb6+ Kf7 36. Ng3 Rd2 37. Ne4 Rxb2 38. Rxf6+ Kg7 39.
Rc6 Ra2 40. Rc7+ Kf8 41. g5 Rxa4 42. Kf3 Be7 43. h4 Ra1 44. Kg4 a4 45. Kf5 a3
46. Ke6 a2 47. Rxe7 Rb1 48. Rf7+ Ke8 49. Nd6+ 1-0

[Event "19. Open de Sants Hostafrancs 2017"]
[Site "Barcelona ESP"]
[Date "2017.08.18"]
[Round "1.59"]
[White "Ayala Abenza, Jose Luis"]
[Black "Quirhuayo Chumbe, German Gonza"]
[Result "0-1"]
[WhiteElo "2020"]
[BlackElo "2397"]
[PlyCount "78"]
[EventDate "2017.08.18"]
[EventType "swiss"]
[EventRounds "10"]
[EventCountry "ESP"]
[SourceTitle "Ajedrez en Madrid"]
[Source "lmi"]
[SourceDate "2017.08.18"]

1. d4 Nf6 2. Nf3 g6 3. Bf4 Bg7 4. e3 O-O 5. Be2 d6 6. h3 b6 7. O-O Bb7 8. Nbd2
Nbd7 9. Re1 Re8 10. Bg3 e5 11. c3 h6 12. Nc4 Ne4 13. Bh2 a5 14. Nfd2 Nef6 15.
a4 Qe7 16. Bf3 e4 17. Be2 Nh7 18. Na3 f5 19. Nb5 Ndf6 20. c4 Rad8 21. Rc1 c6
22. Na3 g5 23. Qb3 Kh8 24. Qxb6 f4 25. Qb3 f3 26. gxf3 Bc8 27. Bf1 exf3 28. e4
g4 29. Qe3 gxh3 30. Qxf3 Ng5 31. Qd3 Nfxe4 32. f3 Nxd2 33. Rxe7 Ndxf3+ 34. Kh1
Rxe7 35. Be2 Nxd4 36. Bh5 Bf5 37. Qd1 Be4+ 38. Kg1 Ndf3+ 39. Bxf3 Nxf3+ 0-1

[Event "19. Open de Sants Hostafrancs 2017"]
[Site "Barcelona ESP"]
[Date "2017.08.18"]
[Round "1.61"]
[White "Hadi, Justin"]
[Black "Duran Vega, Sergio"]
[Result "0-1"]
[WhiteElo "2019"]
[BlackElo "2389"]
[PlyCount "110"]
[EventDate "2017.08.18"]
[EventType "swiss"]
[EventRounds "10"]
[EventCountry "ESP"]
[SourceTitle "Ajedrez en Madrid"]
[Source "lmi"]
[SourceDate "2017.08.18"]

1. b4 Nf6 2. Bb2 e6 3. a3 d5 4. e3 Bd6 5. c4 c6 6. Nf3 O-O 7. c5 Bc7 8. Be2 b6
9. O-O Nbd7 10. d4 Qe7 11. Nbd2 a5 12. Qc2 Ba6 13. Bxa6 Rxa6 14. Qd3 Rfa8 15.
Qc3 Qd8 16. Rfc1 Qb8 17. g3 b5 18. Kg2 Ng4 19. h3 Nh6 20. e4 Nf6 21. e5 Nd7 22.
Re1 R8a7 23. Qd3 Qa8 24. Qc3 Nf5 25. g4 Ne7 26. Nb3 Nb8 27. Qd3 Ng6 28. Qe3
axb4 29. axb4 Rxa1 30. Rxa1 Rxa1 31. Bxa1 Qa3 32. Qc3 Nf4+ 33. Kf1 Na6 34. Na5
Qa2 35. Nxc6 Qe2+ 36. Kg1 Nxh3+ 37. Kg2 Nf4+ 38. Kg3 Nd3 39. Qd2 Qxd2 40. Nxd2
Ndxb4 41. Na7 Nc2 42. Bb2 b4 43. Nb5 f6 44. Nxc7 Nxc7 45. Nf3 Kf7 46. g5 f5 47.
Nd2 Ke7 48. Kf3 Nb5 49. Nb3 Kd7 50. Ke2 h5 51. gxh6 gxh6 52. Kd3 Ne1+ 53. Ke2
Nc2 54. Kd3 Nca3 55. Ke3 Nc4+ 0-1

[Event "19. Open de Sants Hostafrancs 2017"]
[Site "Barcelona ESP"]
[Date "2017.08.18"]
[Round "1.62"]
[White "Pfreundt, Jakob"]
[Black "Flores De Paco, David"]
[Result "1-0"]
[WhiteElo "2388"]
[BlackElo "2018"]
[PlyCount "61"]
[EventDate "2017.08.18"]
[EventType "swiss"]
[EventRounds "10"]
[EventCountry "ESP"]
[SourceTitle "Ajedrez en Madrid"]
[Source "lmi"]
[SourceDate "2017.08.18"]

1. Nf3 f5 2. g3 Nf6 3. Bg2 g6 4. b3 Bg7 5. Bb2 d6 6. d4 c6 7. O-O O-O 8. c4 Qe8
9. Qc2 Na6 10. Nbd2 Bd7 11. Rae1 Rc8 12. e4 Nb4 13. Qc3 fxe4 14. Qxb4 exf3 15.
Nxf3 b6 16. Ng5 Nh5 17. Ne6 Bxe6 18. Rxe6 Qf7 19. Re2 e5 20. dxe5 dxe5 21. Bxe5
Rfe8 22. f4 Bf8 23. Qc3 Ng7 24. Be4 Nf5 25. Kg2 a5 26. Rd1 Bc5 27. Qf3 Re6 28.
Rd3 h5 29. Red2 h4 30. g4 h3+ 31. Qxh3 1-0

[Event "19. Open de Sants Hostafrancs 2017"]
[Site "Barcelona ESP"]
[Date "2017.08.18"]
[Round "1.63"]
[White "Castrillo Mansego, Pablo"]
[Black "Mascaro March, Pedro"]
[Result "0-1"]
[WhiteElo "2014"]
[BlackElo "2387"]
[PlyCount "66"]
[EventDate "2017.08.18"]
[EventType "swiss"]
[EventRounds "10"]
[EventCountry "ESP"]
[SourceTitle "Ajedrez en Madrid"]
[Source "lmi"]
[SourceDate "2017.08.18"]

1. e4 c5 2. d4 cxd4 3. c3 dxc3 4. Nxc3 Nc6 5. Bc4 e6 6. Bf4 d6 7. Qd2 Nf6 8.
O-O-O e5 9. Bg5 Be7 10. Nf3 O-O 11. Bxf6 Bxf6 12. Qxd6 Bg4 13. Qxd8 Bxd8 14.
Bd5 Bb6 15. Bxc6 bxc6 16. Rd2 f6 17. Na4 Bxf3 18. gxf3 Bd4 19. Rc2 f5 20. Rf1
fxe4 21. fxe4 Rf4 22. f3 Raf8 23. Rxc6 Rxe4 24. Nc5 Be3+ 25. Kb1 Rc4 26. b4 a5
27. Re1 Bd4 28. Re4 Rxb4+ 29. Kc2 Rb2+ 30. Kd3 Rxf3+ 31. Kc4 Rb4+ 32. Kd5 Rb5
33. Ke6 Rf6+ 0-1

[Event "19. Open de Sants Hostafrancs 2017"]
[Site "Barcelona ESP"]
[Date "2017.08.18"]
[Round "1.64"]
[White "Panelo, Marcelo"]
[Black "Kaeppeli, Adriano"]
[Result "1-0"]
[WhiteElo "2386"]
[BlackElo "2013"]
[PlyCount "47"]
[EventDate "2017.08.18"]
[EventType "swiss"]
[EventRounds "10"]
[EventCountry "ESP"]
[SourceTitle "Ajedrez en Madrid"]
[Source "lmi"]
[SourceDate "2017.08.18"]

1. Nf3 d5 2. d4 Nf6 3. c4 c6 4. Nc3 dxc4 5. a4 Bf5 6. e3 e6 7. Bxc4 Bb4 8. O-O
Nbd7 9. Nh4 Bg4 10. f3 Bh5 11. g4 g5 12. Ng2 Bg6 13. e4 h6 14. Be3 Qc7 15. Rc1
Nb6 16. Bb3 a5 17. Qe2 O-O 18. h4 Qg3 19. hxg5 hxg5 20. Bxg5 Kg7 21. Bh4 Qh3
22. Kf2 Bxc3 23. bxc3 Qh2 24. Bxf6+ 1-0

[Event "19. Open de Sants Hostafrancs 2017"]
[Site "Barcelona ESP"]
[Date "2017.08.18"]
[Round "1.65"]
[White "Lozano Osorio, Isaac"]
[Black "Konguvel, Ponnuswamy"]
[Result "0-1"]
[WhiteElo "2012"]
[BlackElo "2383"]
[PlyCount "68"]
[EventDate "2017.08.18"]
[EventType "swiss"]
[EventRounds "10"]
[EventCountry "ESP"]
[SourceTitle "Ajedrez en Madrid"]
[Source "lmi"]
[SourceDate "2017.08.18"]

1. d4 Nf6 2. Nf3 g6 3. g3 Bg7 4. Bg2 O-O 5. b3 c5 6. Bb2 cxd4 7. Nxd4 d5 8. O-O
Nc6 9. Nd2 Qb6 10. e3 Re8 11. c4 Bg4 12. Qb1 Qa5 13. Qd3 e5 14. cxd5 Nxd4 15.
exd4 Bf5 16. Qc3 Qxc3 17. Bxc3 Rad8 18. dxe5 Nxd5 19. Bxd5 Rxd5 20. f4 Bf8 21.
Rfe1 Rd3 22. Rac1 Rc8 23. Nb1 Bc5+ 24. Kg2 Be3 25. Rc2 Bd4 26. Rec1 Be4+ 27.
Kh3 Rf3 28. Bxd4 Rxc2 29. Rxc2 Bxc2 30. Na3 Bf5+ 31. Kg2 Be4 32. Kg1 b6 33. Nc4
Rd3 34. Bb2 Bd5 0-1

[Event "19. Open de Sants Hostafrancs 2017"]
[Site "Barcelona ESP"]
[Date "2017.08.19"]
[Round "2.1"]
[White "Domingo Nunez, Alejandro"]
[Black "Jumabayev, Rinat"]
[Result "0-1"]
[WhiteElo "2287"]
[BlackElo "2610"]
[PlyCount "80"]
[EventDate "2017.08.18"]
[EventType "swiss"]
[EventRounds "10"]
[EventCountry "ESP"]
[SourceTitle "Ajedrez en Madrid"]
[Source "lmi"]
[SourceDate "2017.08.18"]

1. e4 g6 2. d4 Bg7 3. Nf3 d6 4. Nc3 Nf6 5. Be2 c6 6. a4 O-O 7. O-O a5 8. Bf4
Na6 9. Qd2 Nb4 10. Rad1 Qc7 11. h3 Nh5 12. Be3 e5 13. Ne1 exd4 14. Bxd4 Nf6 15.
f4 d5 16. e5 Nd7 17. Bg4 Re8 18. Qf2 Nf8 19. Bb6 Qb8 20. Ne2 Bxg4 21. hxg4 Nd7
22. Bd4 f6 23. exf6 Nxf6 24. Qf3 Qc7 25. c3 Na6 26. Nd3 Ne4 27. f5 Ng5 28. Qf2
Re4 29. Ndf4 Rf8 30. Ng3 Ree8 31. Qc2 Bxd4+ 32. Rxd4 Re3 33. Nge2 gxf5 34. Nh5
Qe5 35. Nhg3 Rxg3 36. Nxg3 Qxg3 37. gxf5 Nc5 38. Kh1 Nce4 39. Rd3 Qh4+ 40. Kg1
Ng3 0-1

[Event "19. Open de Sants Hostafrancs 2017"]
[Site "Barcelona ESP"]
[Date "2017.08.19"]
[Round "2.2"]
[White "Oparin, Grigoriy"]
[Black "Roldan Marques, Daniel"]
[Result "1-0"]
[WhiteElo "2609"]
[BlackElo "2289"]
[PlyCount "57"]
[EventDate "2017.08.18"]
[EventType "swiss"]
[EventRounds "10"]
[EventCountry "ESP"]
[SourceTitle "Ajedrez en Madrid"]
[Source "lmi"]
[SourceDate "2017.08.18"]

1. d4 d5 2. c4 e6 3. Nf3 c6 4. Nbd2 Nf6 5. g3 Nbd7 6. Bg2 dxc4 7. Nxc4 b5 8.
Nce5 Bb7 9. O-O Nxe5 10. Nxe5 Rc8 11. a4 a6 12. axb5 axb5 13. Qd3 Bd6 14. Bf4
O-O 15. Rfc1 Nd5 16. Bxd5 Bxe5 17. Be4 Bxd4 18. Rd1 Bxb2 19. Bxh7+ Kh8 20. Qf3
Bxa1 21. Rxd8 Rfxd8 22. Qh5 Rd7 23. Be3 Rcd8 24. Bc5 g6 25. Bxg6+ Kg7 26. Bxf7
Rxf7 27. Qg5+ Kh7 28. Qxd8 Bc3 29. Qd3+ 1-0

[Event "19. Open de Sants Hostafrancs 2017"]
[Site "Barcelona ESP"]
[Date "2017.08.19"]
[Round "2.3"]
[White "Mendonca, Leon Luke"]
[Black "Agdestein, Simen"]
[Result "1/2-1/2"]
[WhiteElo "2286"]
[BlackElo "2604"]
[PlyCount "141"]
[EventDate "2017.08.18"]
[EventType "swiss"]
[EventRounds "10"]
[EventCountry "ESP"]
[SourceTitle "Ajedrez en Madrid"]
[Source "lmi"]
[SourceDate "2017.08.18"]

1. d4 e6 2. c4 Nf6 3. Nc3 Bb4 4. e3 O-O 5. Nge2 Re8 6. a3 Bf8 7. d5 h5 8. g3
exd5 9. cxd5 c5 10. Bg2 d6 11. O-O h4 12. e4 hxg3 13. hxg3 Na6 14. Rb1 Bd7 15.
b4 cxb4 16. axb4 Ng4 17. f3 Qb6+ 18. Qd4 Qxd4+ 19. Nxd4 Ne5 20. Ncb5 Rec8 21.
Rd1 Rc4 22. Bd2 Nc7 23. Nxc7 Rxc7 24. Bf1 Nc4 25. Rdc1 Rac8 26. Bxc4 Rxc4 27.
Rxc4 Rxc4 28. Nb3 Rc2 29. Bf4 Rc3 30. Kf2 Be7 31. Nd4 Rc4 32. Nf5 Bxf5 33. exf5
a6 34. Ke3 Rc3+ 35. Kf2 Bf6 36. Rd1 Be7 37. Re1 Kf8 38. Rh1 Ke8 39. Rc1 Rb3 40.
Rc4 Kd7 41. Ke2 Bf6 42. Bd2 Ra3 43. g4 Bd8 44. g5 Ra2 45. Kd3 a5 46. bxa5 Bxa5
47. Bxa5 Rxa5 48. Ke4 Rc5 49. Rd4 b5 50. f6 gxf6 51. gxf6 Kc7 52. Ke3 Rc3+ 53.
Ke2 Rc4 54. Rg4 Kb6 55. Kd3 Rc7 56. Re4 Rc5 57. Re7 Rxd5+ 58. Ke4 Re5+ 59. Kd4
b4 60. Rxf7 b3 61. Kc3 Re3+ 62. Kb2 Rxf3 63. Rf8 Kc5 64. f7 Kd5 65. Rc8 Rxf7
66. Kxb3 Kd4 67. Rc4+ Kd3 68. Rc3+ Kd2 69. Rc2+ Kd1 70. Rc6 d5 71. Rd6 1/2-1/2

[Event "19. Open de Sants Hostafrancs 2017"]
[Site "Barcelona ESP"]
[Date "2017.08.19"]
[Round "2.4"]
[White "Vocaturo, Daniele"]
[Black "Arias Boo, Guillermo"]
[Result "1-0"]
[WhiteElo "2596"]
[BlackElo "2283"]
[PlyCount "57"]
[EventDate "2017.08.18"]
[EventType "swiss"]
[EventRounds "10"]
[EventCountry "ESP"]
[SourceTitle "Ajedrez en Madrid"]
[Source "lmi"]
[SourceDate "2017.08.18"]

1. e4 g6 2. d4 Bg7 3. Nc3 c6 4. Nf3 d6 5. Be3 Nf6 6. h3 Qa5 7. Qd2 Nbd7 8. Bd3
e5 9. O-O O-O 10. Rfe1 Re8 11. Rad1 Nf8 12. d5 cxd5 13. Nxd5 Qxd2 14. Nxf6+
Bxf6 15. Rxd2 Be6 16. Ng5 Rec8 17. Be2 Be7 18. Nxe6 Nxe6 19. c3 a6 20. g3 Nc5
21. f3 Kg7 22. h4 h6 23. Bd1 f5 24. exf5 gxf5 25. Bc2 f4 26. gxf4 Bxh4 27. Bf2
Bxf2+ 28. Kxf2 exf4 29. b4 1-0

[Event "19. Open de Sants Hostafrancs 2017"]
[Site "Barcelona ESP"]
[Date "2017.08.19"]
[Round "2.5"]
[White "Calavalle, Giulio"]
[Black "Heimann, Andreas"]
[Result "0-1"]
[WhiteElo "2285"]
[BlackElo "2591"]
[PlyCount "70"]
[EventDate "2017.08.18"]
[EventType "swiss"]
[EventRounds "10"]
[EventCountry "ESP"]
[SourceTitle "Ajedrez en Madrid"]
[Source "lmi"]
[SourceDate "2017.08.18"]

1. d4 Nf6 2. c4 e6 3. Nf3 b6 4. g3 Ba6 5. Qc2 c5 6. b3 cxd4 7. Nxd4 Bb7 8. f3
Bc5 9. Bb2 O-O 10. Nd2 d5 11. O-O-O Na6 12. Kb1 Qe7 13. e4 Nb4 14. Qc3 dxe4 15.
Bg2 exf3 16. Bxf3 Rad8 17. a3 Bxd4 18. Qxb4 Qxb4 19. axb4 Bxb2 20. Kxb2 Rxd2+
21. Rxd2 Bxf3 22. Ra1 e5 23. Rxa7 Re8 24. b5 e4 25. Rd6 e3 26. Rxb6 e2 27. Ra1
e1=Q 28. Rxe1 Rxe1 29. c5 Kf8 30. Rd6 Ke7 31. Rd3 Bd5 32. b4 Bc4 33. Rd6 Re2+
34. Kc1 Bxb5 35. Rb6 Bd7 0-1

[Event "19. Open de Sants Hostafrancs 2017"]
[Site "Barcelona ESP"]
[Date "2017.08.19"]
[Round "2.6"]
[White "Tari, Aryan"]
[Black "Ponce Cano, Adrian"]
[Result "1-0"]
[WhiteElo "2591"]
[BlackElo "2281"]
[PlyCount "61"]
[EventDate "2017.08.18"]
[EventType "swiss"]
[EventRounds "10"]
[EventCountry "ESP"]
[SourceTitle "Ajedrez en Madrid"]
[Source "lmi"]
[SourceDate "2017.08.18"]

1. c4 e5 2. Nc3 Nc6 3. Nf3 d6 4. d4 Bg4 5. d5 Nb8 6. Qb3 Qc8 7. c5 Be7 8. e4
Nf6 9. Bb5+ Bd7 10. Be3 O-O 11. Rc1 a6 12. Bxd7 Nbxd7 13. c6 bxc6 14. dxc6 Nb6
15. a4 Qg4 16. a5 Qxg2 17. Ke2 d5 18. h3 Nh5 19. Rhg1 Ng3+ 20. Ke1 Qxf3 21.
Rxg3 Qh5 22. axb6 d4 23. Nd5 Bh4 24. Bd2 Bxg3 25. Qxg3 f5 26. Nxc7 d3 27. Qxd3
Rad8 28. Qb3+ Kh8 29. Ne6 fxe4 30. Nxd8 Rf3 31. Nf7+ 1-0

[Event "19. Open de Sants Hostafrancs 2017"]
[Site "Barcelona ESP"]
[Date "2017.08.19"]
[Round "2.7"]
[White "Domingo Nunez, Ruben"]
[Black "Delchev, Aleksander"]
[Result "1-0"]
[WhiteElo "2283"]
[BlackElo "2577"]
[PlyCount "97"]
[EventDate "2017.08.18"]
[EventType "swiss"]
[EventRounds "10"]
[EventCountry "ESP"]
[SourceTitle "Ajedrez en Madrid"]
[Source "lmi"]
[SourceDate "2017.08.18"]

1. e4 c6 2. Nc3 d5 3. Nf3 Nf6 4. e5 Ne4 5. Ne2 Qb6 6. d4 e6 7. Nfg1 f6 8. f3
Ng5 9. exf6 gxf6 10. f4 Nf7 11. Nf3 e5 12. fxe5 fxe5 13. Ng3 Be6 14. Be2 Be7
15. O-O Nd7 16. Kh1 e4 17. Nh5 O-O-O 18. Ng1 Rdf8 19. Nf4 Nd8 20. Be3 Bf7 21.
b3 Nf6 22. Ngh3 Rhg8 23. Nf2 Qc7 24. c4 dxc4 25. bxc4 c5 26. Ng4 Nxg4 27. Bxg4+
Kb8 28. Nd5 Bxd5 29. Rxf8 Rxf8 30. cxd5 c4 31. Qc2 Bd6 32. Rc1 b5 33. Qb1 b4
34. Be2 c3 35. a3 a5 36. axb4 axb4 37. Qb3 Nb7 38. Ra1 Qe7 39. Ra6 Qh4 40. Rxd6
Nxd6 41. Qxb4+ Kc7 42. Qc5+ Kd7 43. Qc6+ Ke7 44. Qc7+ Ke8 45. Qxd6 Qe1+ 46. Bg1
Qxe2 47. Qe6+ Kd8 48. d6 Re8 49. Qf7 1-0

[Event "19. Open de Sants Hostafrancs 2017"]
[Site "Barcelona ESP"]
[Date "2017.08.19"]
[Round "2.8"]
[White "Moussard, Jules"]
[Black "Hernando Rodrigo, Julio Antoni"]
[Result "1-0"]
[WhiteElo "2571"]
[BlackElo "2276"]
[PlyCount "131"]
[EventDate "2017.08.18"]
[EventType "swiss"]
[EventRounds "10"]
[EventCountry "ESP"]
[SourceTitle "Ajedrez en Madrid"]
[Source "lmi"]
[SourceDate "2017.08.18"]

1. Nf3 Nf6 2. b3 g6 3. Bb2 Bg7 4. g3 O-O 5. Bg2 d5 6. O-O c6 7. c4 a5 8. Nc3
Ne4 9. d4 Bf5 10. Ne5 Nxc3 11. Bxc3 Be6 12. cxd5 cxd5 13. e3 Nc6 14. Nd3 Bc8
15. Rc1 b6 16. e4 Nxd4 17. exd5 Ba6 18. Re1 Qd6 19. Nf4 Rac8 20. Qd2 e5 21. Bb2
Qb4 22. Qxb4 axb4 23. Bxd4 exd4 24. Rc6 Rb8 25. d6 Rfd8 26. Bd5 d3 27. Bc4 Bxc4
28. bxc4 d2 29. Rd1 Bc3 30. Nd5 Kg7 31. Kg2 Ra8 32. Rxb6 Rxa2 33. Kf3 Ra5 34.
Ke2 Rc5 35. Kd3 Rdc8 36. d7 Rd8 37. Rb7 Rxd5+ 38. cxd5 Kf6 39. Kc4 Ke7 40. Kc5
Rxd7 41. d6+ Ke6 42. Rxd7 Kxd7 43. Kd5 h5 44. f3 Kd8 45. Kc6 Kc8 46. Kd5 Kd7
47. h3 Kd8 48. h4 f5 49. Ke6 b3 50. Kd5 b2 51. Kc4 Ba5 52. Kb3 Bb6 53. Kxb2 Bf2
54. Rxd2 Bxg3 55. Kb3 Bxh4 56. Kc4 Kd7 57. Kd5 Bg3 58. Rg2 Bxd6 59. Rxg6 Bh2
60. Rg7+ Kd8 61. Rg2 Bb8 62. Ke6 f4 63. Rg7 h4 64. Rh7 h3 65. Rxh3 Ba7 66. Rh8+
1-0

[Event "19. Open de Sants Hostafrancs 2017"]
[Site "Barcelona ESP"]
[Date "2017.08.19"]
[Round "2.9"]
[White "Lapiccirella, Daniele"]
[Black "Grigoryan, Karen H"]
[Result "0-1"]
[WhiteElo "2275"]
[BlackElo "2570"]
[PlyCount "70"]
[EventDate "2017.08.18"]
[EventType "swiss"]
[EventRounds "10"]
[EventCountry "ESP"]
[SourceTitle "Ajedrez en Madrid"]
[Source "lmi"]
[SourceDate "2017.08.18"]

1. d4 Nf6 2. c4 c5 3. d5 e6 4. Nc3 exd5 5. cxd5 d6 6. e4 g6 7. Nge2 Bg7 8. Ng3
O-O 9. Be2 a6 10. a4 h5 11. Bg5 Qc7 12. Qd2 Re8 13. O-O Nh7 14. Bh6 Bh8 15. Bd3
h4 16. Nge2 h3 17. g3 Nd7 18. f3 Ne5 19. Be3 Rb8 20. Rac1 Qa5 21. Nf4 b5 22.
axb5 axb5 23. Be2 b4 24. Nd1 c4 25. Bd4 Qa2 26. Rc2 Bd7 27. Ne3 Rec8 28. Bxe5
dxe5 29. Bxc4 Rxc4 30. Nxc4 exf4 31. Qxf4 Qa7+ 32. Kh1 b3 33. Nd6 f5 34. Re2
Qa6 35. Rfe1 Ra8 0-1